| 000 | 00000nam##2200000za#4500 |
| 001 | 9.695463 |
| 003 | CaOODSP |
| 005 | 20210624234605 |
| 007 | cr ||||||||||| |
| 008 | 150407|1999||||xxc|||||o f|0| 0 eng|d |
| 040 | |aCaOODSP|beng |
| 043 | |an-cn--- |
| 086 | 1 |aF1-23/1999-5E-PDF |
| 110 | 1 |aCanada. |bDepartment of Finance. |
| 245 | 10|aProviding tax relief and improving tax fairness |h[electronic resource] |
| 246 | 1 |iAt head of title : |aBudget 1999 - building today for a better tomorrow |
| 260 | |aOttawa - Ontario : |bFinance Canada |cFebruary 1999. |
| 300 | |a23p.|btables |
| 500 | |aThe catalogue number (F1-23/1999-5E) and ISBN (0-662-27568-3) for the print edition have been incorrectly copied in this electronic publication. |
| 590 | |a12-11-Supp|b2012-03-27 |
| 690 | 07|aFiscal policy|2gcpds |
| 690 | 07|aBudgets|2gcpds |
| 690 | 07|aPersonal income tax|2gcpds |
| 775 | 08|tAllégements fiscaux et amélioration de l'équité fiscale |w(CaOODSP)9.639600 |
| 856 | 40|ahttp://publications.gc.ca|qPDF|s123 KB|uhttps://publications.gc.ca/collections/Collection/F1-23-1999-5E.pdf |